ARRUPE JESUIT UNIVERSITY

CORONAVIRUS -STOP THE SPREAD - CLEAN,DISINFECT,COVER

The New Penguin book of Scottish short stories / (Record no. 120703)

MARC details
000 -LEADER
fixed length control field 00871cam a2200277 a 4500
001 - CONTROL NUMBER
control field 173058
003 - CONTROL NUMBER IDENTIFIER
control field ARRUPE
005 - DATE AND TIME OF LATEST TRANSACTION
control field 20140611124355.0
008 - FIXED-LENGTH DATA ELEMENTS--GENERAL INFORMATION
fixed length control field 850730s1983 enk 000 1 eng
010 ## - LIBRARY OF CONGRESS CONTROL NUMBER
LC control number 85120488 //r922
020 ## - INTERNATIONAL STANDARD BOOK NUMBER
International Standard Book Number 0140064117 (pbk.) :
Terms of availability £1.95 ($5.95 U.S.)
035 ## - SYSTEM CONTROL NUMBER
System control number (OCoLC)ocm10314696
035 ## - SYSTEM CONTROL NUMBER
System control number (CStRLIN)NYCG83-B48408
035 ## - SYSTEM CONTROL NUMBER
System control number (NNC)173058
040 ## - CATALOGING SOURCE
Original cataloging agency DLC
Transcribing agency DLC
050 00 - LIBRARY OF CONGRESS CALL NUMBER
Classification number PR8676
Item number .N49 1983
082 00 - DEWEY DECIMAL CLASSIFICATION NUMBER
Classification number 823/.01/0889163
Edition number 19
300 ## - PHYSICAL DESCRIPTION
Dimensions 19 cm.
245 04 - TITLE STATEMENT
Title The New Penguin book of Scottish short stories /
Statement of responsibility, etc edited by Ian Murray.
260 ## - PUBLICATION, DISTRIBUTION, ETC. (IMPRINT)
Place of publication, distribution, etc Harmondsworth, Middlesex, England ;
-- New York, N.Y., U.S.A. :
Name of publisher, distributor, etc Penguin,
Date of publication, distribution, etc 1983.
300 ## - PHYSICAL DESCRIPTION
Extent xi, 317 p. ;
650 #0 - SUBJECT ADDED ENTRY--TOPICAL TERM
Topical term or geographic name as entry element Short stories, Scottish.
9 (RLIN) 10821
651 #0 - SUBJECT ADDED ENTRY--GEOGRAPHIC NAME
Geographic name Scotland
Form subdivision Fiction.
9 (RLIN) 10822
700 1# - ADDED ENTRY--PERSONAL NAME
Personal name Murray, Ian,
Dates associated with a name 1935-
9 (RLIN) 10823
942 ## - ADDED ENTRY ELEMENTS (KOHA)
Source of classification or shelving scheme Library of Congress Classification
Koha item type Monograph ( Printed materials)
Holdings
Withdrawn status Lost status Source of classification or shelving scheme Damaged status Not for loan Collection code Home library Current library Shelving location Date acquired Total Checkouts Full call number Barcode Date last seen Price effective from Koha item type
    Library of Congress Classification     Main Collection ARRUPE LIBRARY ARRUPE LIBRARY Main Collection 11/06/2014   PR8676 .N49 1983 46500000567 11/06/2014 11/06/2014 Monograph ( Printed materials)

 

Arrupe Library. PO Box MP320 Mt Pleasant, Harare, Zimbabwe
263 242 745411|librarian@aju.ac.zw